<?xml version="1.0" encoding="UTF-8"?>
<record
    xmlns:xsi="http://www.w3.org/2001/XMLSchema-instance"
    xsi:schemaLocation="http://www.loc.gov/MARC21/slim http://www.loc.gov/standards/marcxml/schema/MARC21slim.xsd"
    xmlns="http://www.loc.gov/MARC21/slim">

  <leader>02969nam a2200301 a 4500</leader>
  <controlfield tag="003">OSt</controlfield>
  <controlfield tag="005">20260210110210.0</controlfield>
  <controlfield tag="007">cr ||||||a|c|a</controlfield>
  <controlfield tag="008">231205s2019    mx a|||fom||| 001 0 spa d</controlfield>
  <datafield tag="040" ind1=" " ind2=" ">
    <subfield code="e">rda</subfield>
  </datafield>
  <datafield tag="100" ind1="1" ind2=" ">
    <subfield code="9">188401</subfield>
    <subfield code="a">P&#xE9;rez Mart&#xED;nez, Celina</subfield>
  </datafield>
  <datafield tag="245" ind1="1" ind2="0">
    <subfield code="a">Identificaci&#xF3;n del agente causal de marchitez vascular y pudrici&#xF3;n de cuello en tomate (Solanum lycopersicum L.) y control /</subfield>
    <subfield code="c">por Celina P&#xE9;rez Mart&#xED;nez : director de tesis Santos Gerardo Leyva Mir.</subfield>
  </datafield>
  <datafield tag="264" ind1=" " ind2="1">
    <subfield code="a">Chapingo, M&#xE9;xico :</subfield>
    <subfield code="b">El autor,</subfield>
    <subfield code="c">2019.</subfield>
  </datafield>
  <datafield tag="300" ind1=" " ind2=" ">
    <subfield code="a">1 recurso en l&#xED;nea (63 p&#xE1;ginas):</subfield>
    <subfield code="b">cuadros, figuras.</subfield>
  </datafield>
  <datafield tag="336" ind1=" " ind2=" ">
    <subfield code="2">rdacontent</subfield>
    <subfield code="a">texto</subfield>
    <subfield code="b">txt</subfield>
  </datafield>
  <datafield tag="337" ind1=" " ind2=" ">
    <subfield code="2">rdamedia</subfield>
    <subfield code="a">computadora</subfield>
    <subfield code="b">c</subfield>
  </datafield>
  <datafield tag="338" ind1=" " ind2=" ">
    <subfield code="2">rdacarrier</subfield>
    <subfield code="a">recurso en l&#xED;nea</subfield>
    <subfield code="b">cr</subfield>
  </datafield>
  <datafield tag="502" ind1=" " ind2=" ">
    <subfield code="b">IAEPA</subfield>
    <subfield code="c">Parasitolog&#xED;a</subfield>
    <subfield code="d">2019.</subfield>
  </datafield>
  <datafield tag="504" ind1=" " ind2=" ">
    <subfield code="a">Incluye referencias bibliogr&#xE1;ficas: p&#xE1;ginas 62-63.</subfield>
  </datafield>
  <datafield tag="520" ind1=" " ind2=" ">
    <subfield code="a">El tomate (Solanum lycopersicum L.) es una hortaliza con un alto consumo en el mundo y una de las m&#xE1;s cultivadas en M&#xE9;xico. Sin embargo, es atacada por numerosas enfermedades, entre las cuales encontramos s&#xED;ntomas de marchitez vascular y pudrici&#xF3;n de pl&#xE1;ntulas de donde se aislaron dos organismos asociados a pl&#xE1;ntulas de tomate. Se realiz&#xF3; purificaci&#xF3;n de los aislados, y su respectiva caracterizaci&#xF3;n morfol&#xF3;gica y molecular. Del aislado con marchitez vascular se encontraron macroconidios ligeramente curvos con tres a cinco c&#xE9;lulas con dimensiones de 42.86 a 45.13 &#x3BC;m de largo por 3.21 a 4.88 &#x3BC;m de ancho. Los microconidios fueron el&#xED;pticos u ovales con una a dos c&#xE9;lulas de 7.28 a 10.56 &#x3BC;m de largo por 2.14 a 3.61 &#x3BC;m de ancho. El organismo aislado en pudrici&#xF3;n de pl&#xE1;ntulas present&#xF3; esporangios lobulados, formados en medio papa-dextrosa-agar. Oogonios terminales, globosos con un di&#xE1;metro que va de 22.07 &#x3BC;m 27.5 &#x3BC;m. Un anteridio por oogonio. De los hongos caracterizados morfol&#xF3;gicamente, se obtuvieron secuencias de la regi&#xF3;n 5. 8 S del RNA ribosomal, con un tama&#xF1;o de 509 pb y 529 pb respetivamente. Al analizarlos con la herramienta BLASTn del NCBI, se encontr&#xF3; 100% de similitud con Fusarium oxysporum de Arabia Saudita y 100 % para Pythium aphanidermatum de la India respectivamente; lo cual soporta la caracterizaci&#xF3;n morfol&#xF3;gica. En condiciones de invernadero se evaluaron productos en pl&#xE1;ntulas para ambos pat&#xF3;genos, las que mostraron mejor desarrollo de pl&#xE1;ntulas de acuerdo al an&#xE1;lisis estad&#xED;stico realizado mediante la prueba de Diferencia M&#xED;nima Significativa fueron Fosetil-Al, Metalaxil mas clorotalonil y el per&#xF3;xido de hidrogeno.</subfield>
  </datafield>
  <datafield tag="650" ind1=" " ind2="4">
    <subfield code="9">113713</subfield>
    <subfield code="a">Tomate</subfield>
    <subfield code="x">Enfermedades por hongos</subfield>
  </datafield>
  <datafield tag="650" ind1=" " ind2="4">
    <subfield code="9">92857</subfield>
    <subfield code="a">Pudrici&#xF3;n de la ra&#xED;z</subfield>
    <subfield code="x">Tomate</subfield>
  </datafield>
  <datafield tag="650" ind1=" " ind2="4">
    <subfield code="9">131558</subfield>
    <subfield code="a">Pudrici&#xF3;n vascular</subfield>
    <subfield code="x">Control</subfield>
  </datafield>
  <datafield tag="650" ind1=" " ind2="4">
    <subfield code="9">44045</subfield>
    <subfield code="a">Fungicidas</subfield>
    <subfield code="x">An&#xE1;lisis</subfield>
  </datafield>
  <datafield tag="700" ind1="1" ind2=" ">
    <subfield code="a">Leyva Mir, Santos Gerardo</subfield>
    <subfield code="e">Director de tesis.</subfield>
    <subfield code="9">66581</subfield>
  </datafield>
  <datafield tag="856" ind1=" " ind2=" ">
    <subfield code="u">http://10.13.5.2/tesis/tl/Perez_Martinez_Celina.pdf</subfield>
    <subfield code="z">DESCARGAR PDF</subfield>
  </datafield>
  <datafield tag="942" ind1=" " ind2=" ">
    <subfield code="2">Clasificaci&#xF3;n Universidad Aut&#xF3;noma Chapingo</subfield>
    <subfield code="c">TD</subfield>
  </datafield>
  <datafield tag="999" ind1=" " ind2=" ">
    <subfield code="c">219494</subfield>
    <subfield code="d">219494</subfield>
  </datafield>
  <datafield tag="952" ind1=" " ind2=" ">
    <subfield code="0">0</subfield>
    <subfield code="1">0</subfield>
    <subfield code="2">local</subfield>
    <subfield code="4">0</subfield>
    <subfield code="5">1</subfield>
    <subfield code="7">0</subfield>
    <subfield code="8">TesDigL</subfield>
    <subfield code="a">BD</subfield>
    <subfield code="b">BD</subfield>
    <subfield code="c">E_L</subfield>
    <subfield code="d">2023-12-05</subfield>
    <subfield code="l">0</subfield>
    <subfield code="o">Tesis digital</subfield>
    <subfield code="r">2023-12-05 00:00:00</subfield>
    <subfield code="w">2023-12-05</subfield>
    <subfield code="y">TD</subfield>
  </datafield>
</record>
